000 00375 a2200157 4500
001 13857
020 _a9788516096625
040 _cAnchieta - Aquarius
100 _aMedina, Daniel
240 1 0 _a*Quem ri por Ășltimo rima melhor
_lpor
245 1 0 _a*Quem ri por Ășltimo rima melhor
300 _a30
362 0 _a2015
650 4 _aLiteratura infanto-juvenil
942 _cBK
999 _c13857
_d13857